Agrárna samo[s]práva bude trvať na tom, aby poľnohospodárstvo bolo pre vládu SR prioritou

Bibliographic Details
Main Authors: Lettrich, Roman (Author), Magdolen, Pavol (Author)
Format: Article
Language:Slovak
Subjects:

MARC

LEADER 00000nab a2200000 a 4500
001 vtls000706455
003 SK-MaSNL
005 20260304221335.0
008 180206c1999 xo 0 slo
015 |a SNBRB1999/10-25154 
035 |a CLN000058622 
040 |a SNKBUCL  |b slo  |c SNKBUCL  |e AACR2 
041 0 |a slo 
044 |a xo  |c SK 
080 |a 631(437.6):328.1(437.6)  |2 UDC-MRF-SK2 
080 |a 328.1(437.6)  |2 UDC-MRF-SK2 
080 |a 334.788.2(437.6):631+663/664  |2 UDC-MRF-SK2 
080 |a 338.43(437.6)  |2 UDC-MRF-SK2 
100 1 |a Lettrich, Roman  |4 aut  |9 856760 
245 1 0 |a Agrárna samo[s]práva bude trvať na tom, aby poľnohospodárstvo bolo pre vládu SR prioritou  |c Roman Lettrich 
610 1 7 |a Slovensko.  |b Vláda  |2 snkbucl  |9 14235 
610 2 7 |a Slovenská poľnohospodárska a potravinárska komora  |2 snkbucl  |9 32438 
650 0 7 |a poľnohospodárstvo  |x Vláda SR  |x Slovenská poľnohospodárska a potravinárska komora  |x požiadavky  |2 snkbucl  |9 1553480 
655 7 |a články z novín a časopisov  |2 snkbucl  |9 267496 
700 1 |a Magdolen, Pavol  |4 aut  |9 602333 
773 0 |t Roľnícke noviny  |g Č. 197 (13.10.1999), s. 1-2 
850 |a Slovenská národná knižnica v Martine 
852 |a SNK  |b KIS3GCP 
958 |a RBX 
999 |c 3157313  |d 3159243